[Event "American Continental"]
[Site "Buenos Aires ARG"]
[Date "2005.08.15"]
[Round "10"]
[White "Hernandez,Gi"]
[Black "Spraggett,K"]
[Result "1/2-1/2"]
[WhiteElo "2518"]
[BlackElo "2592"]
[EventDate "2005.08.06"]

1. e4 c5 2. Nf3 e6 3. b3 a6 4. Bb2 d6 5. d4 cxd4 6. Nxd4 Nf6 7. Bd3 g6 8.
O-O Bg7 9. c4 O-O 10. Nc3 Nbd7 11. Qe2 Qc7 12. Rad1 b6 13. Rfe1 Bb7 14. h3
Rad8 15. Bb1 Qb8 16. Nf3 Rfe8 17. Qd2 Bf8 18. a3 Ba8 19. Qe2 Rc8 20. Nd2
Bg7 21. Nf3 Red8 22. Rd2 Bc6 23. Red1 Bf8 24. Nd4 Bb7 25. Nf3 Re8 26. b4
Be7 27. Ba2 Qc7 28. Qe3 Red8 29. Bb3 Qb8 30. Rd3 Ba8 31. R3d2 Re8 32. Kh1
Qb7 33. Re2 Bf8 34. Kg1 Rc7 35. Qf4 Nh5 36. Qd2 Rec8 37. Qe3 Nhf6 38. Qd3
Rb8 39. Ba1 Qc8 40. Bb2 Bc6 41. Qe3 Ba8 42. Qd3 Qb7 43. Ba1 Be7 44. Bb2
Rbc8 45. Ba1 Re8 46. Ba2 Qc8 47. Bb2 Bc6 48. Qe3 Bf8 49. Bb3 Qa8 50. Ba2
Rcc8 51. Bb3 Qb8 52. Ba2 Ba8 53. Bb3 Red8 54. Qf4 Be7 55. Qe3 Re8 56. Qd4
Nc5 57. Bc2 Ncd7 58. Ba4 Bc6 59. Bb3 Bf8 60. Qe3 Ba8 61. Ba1 Red8 62. Bb2
Re8 63. Ba1 Red8 1/2-1/2

[Event "American Continental"]
[Site "Buenos Aires ARG"]
[Date "2005.08.15"]
[Round "10"]
[White "Lima,Da"]
[Black "Cordova,Em"]
[Result "1/2-1/2"]
[WhiteElo "2535"]
[BlackElo "2422"]
[EventDate "2005.08.06"]

1. e4 c5 2. Nf3 Nc6 3. Bb5 g6 4. Bxc6 dxc6 5. d3 Bg7 6. h3 Nf6 7. Nc3 O-O
8. Be3 b6 9. Qd2 e5 10. Bh6 Qd6 11. Nh2 Re8 12. Bxg7 Kxg7 13. O-O-O a5 14.
Kb1 a4 15. Ne2 a3 16. b3 c4 17. Ng4 cxb3 18. Qh6+ Kh8 19. cxb3 Ng8 20. Qc1
Ba6 21. f4 f6 22. fxe5 fxe5 23. Rhf1 Rad8 24. Rf3 Rd7 25. Nc3 Kg7 26. Na4
h5 27. Nf2 Rb8 28. g4 h4 29. g5 Bb5 30. Nc3 Ba6 31. Na4 Bb5 32. Nc3 Ba6 33.
Ng4 Rf8 34. Rxf8 Kxf8 35. Ne2 Ke7 36. Nxe5 Qxe5 37. Qxa3+ c5 38. Qxa6 Qxg5
39. Qxb6 Nf6 40. Nc3 Rd6 41. Qc7+ Rd7 42. Qc8 Rd8 43. Qb7+ Rd7 44. Qb5 Qe3
45. Kc2 Qxh3 46. e5 Ng4 47. Qxc5+ Ke8 48. Rd2 Qe3 49. Qc8+ Ke7 50. Qh8 Qh6
51. Qxh6 Nxh6 52. Ne4 Nf5 53. Kc3 Nd4 54. Rg2 Nf3 55. Rxg6 Rxd3+ 56. Kxd3
Nxe5+ 57. Kd4 Nxg6 58. Nf2 Kd6 59. b4 Nf4 60. a3 Kc6 61. a4 h3 62. Ke5 Ne2
63. Nxh3 Nc3 64. a5 Na2 65. Nf4 Nxb4 66. a6 Nxa6 1/2-1/2

[Event "American Continental"]
[Site "Buenos Aires ARG"]
[Date "2005.08.15"]
[Round "10"]
[White "Gulko,B"]
[Black "Labollita,M"]
[Result "1-0"]
[WhiteElo "2589"]
[BlackElo "2383"]
[EventDate "2005.08.06"]

1. d4 g6 2. e4 c6 3. c4 Bg7 4. Nc3 Na6 5. Nf3 Nc7 6. Bf4 d6 7. Be2 Bg4 8.
d5 Nf6 9. h3 Bxf3 10. Bxf3 Nd7 11. O-O O-O 12. Qd2 Rb8 13. Be2 a6 14. Be3
Nc5 15. Bd4 Bxd4 16. Qxd4 e5 17. dxe6 N5xe6 18. Qd2 c5 19. f4 f5 20. exf5
gxf5 21. Bf3 Nd4 22. Ne2 Nxe2+ 23. Qxe2 b5 24. Rad1 Kg7 25. b4 cxb4 26. c5
Ne8 27. cxd6 Nxd6 28. Qe5+ Rf6 29. g4 Qb6+ 30. Kh1 Nf7 31. Rd7 Kg8 32. Bd5
Rd8 33. Rxd8+ Qxd8 34. g5 Rd6 35. Bxf7+ Kxf7 36. Qxf5+ 1-0

[Event "American Continental"]
[Site "Buenos Aires ARG"]
[Date "2005.08.15"]
[Round "10"]
[White "Liascovich,L"]
[Black "Vasquez,R"]
[Result "1/2-1/2"]
[WhiteElo "2432"]
[BlackElo "2558"]
[EventDate "2005.08.06"]

1. d4 d5 2. c4 c6 3. cxd5 cxd5 4. Nc3 Nf6 5. Bf4 a6 6. e3 Nc6 7. Bd3 Bg4 8.
f3 Bh5 9. Nge2 e6 10. O-O Be7 11. Rc1 O-O 12. Bg3 Rc8 13. Nf4 Bg6 14. Nxg6
hxg6 15. Qe2 Bd6 16. Bh4 Qd7 17. f4 Ne7 18. a3 Rc7 19. Na2 Rfc8 20. Rxc7
Rxc7 21. Rc1 Ne8 22. Bxe7 Bxe7 23. Rxc7 Qxc7 24. Qc2 Qd7 25. Nc1 Nd6 26.
Nb3 g5 27. g3 gxf4 28. gxf4 Bd8 29. Qe2 g6 30. Qg4 b6 31. Nd2 Kg7 32. Qe2
Qc6 33. Qd1 g5 34. fxg5 Bxg5 35. Nf1 f5 36. Qf3 Nf7 37. Qg3 Kf6 38. h4 Bh6
39. Qe1 b5 40. Ng3 Nd6 41. Kf2 Kf7 42. Qg1 Ne8 43. Nh5 Qc7 44. Ke2 Kf8 45.
Kd2 Qf7 46. Be2 Nd6 47. Qh2 Qc7 48. Nf4 Ne4+ 49. Kd1 Bxf4 50. Qxf4 Qe7 51.
Bf3 Nf6 52. h5 Kg8 53. Kc2 Kh7 54. Kb3 Ne8 55. Qg3 Qf7 56. Qb8 Nf6 57. Kb4
Ng4 58. Qf4 Qxh5 59. Ka5 b4 60. axb4 Qe8 61. Qc7+ Kg6 62. Kxa6 Nxe3 63.
Qg3+ Ng4 64. b5 Qc8+ 65. Ka7 Qc4 66. Bxg4 Qxd4+ 67. b6 fxg4 68. Qd6 Kf5 69.
Kb7 Qg7+ 70. Qc7 Qxb2 71. Qf7+ Qf6 72. Qh5+ Kf4 73. Kc8 Qf8+ 74. Kd7 g3 75.
b7 g2 76. Qh2+ Kf3 77. Qg1 Qb4 78. Kc7 Qc3+ 79. Kd7 Qb3 80. Kc7 Qc2+ 81.
Kd7 Qb2 82. Kc8 Qf2 83. Qd1+ Qe2 84. Qb1 Qc4+ 85. Kd7 Qd4 86. b8=Q g1=Q 87.
Q8b3+ Qde3 88. Qxg1 Qxb3 89. Qh1+ Ke2 90. Qg2+ Kd1 91. Qf1+ Kd2 92. Qf2+
Kc3 93. Qe3+ Kc4 94. Qxe6 Qb7+ 95. Kd8 Qb8+ 96. Kd7 Qb5+ 97. Kd8 Kc5 98.
Qe7+ Kb6 99. Qd6+ Kb7 100. Qe5 Qc4 101. Ke7 Kb6 102. Qb2+ Qb5 103. Qf6+ Kc5
104. Qc3+ Qc4 105. Qa5+ Kd4 106. Kd6 Kd3 107. Qxd5+ 1/2-1/2

[Event "American Continental"]
[Site "Buenos Aires ARG"]
[Date "2005.08.15"]
[Round "10"]
[White "Ricardi,P"]
[Black "Zambrana,O"]
[Result "1/2-1/2"]
[WhiteElo "2551"]
[BlackElo "2421"]
[EventDate "2005.08.06"]

1. e4 c5 2. Nf3 Nc6 3. Bb5 g6 4. O-O Bg7 5. d3 Nf6 6. Nc3 O-O 7. e5 Ne8 8.
Re1 Nc7 9. Bc4 b6 10. Bg5 d5 11. exd6 Qxd6 12. Qd2 Be6 13. Bf4 Qd7 14. Bxc7
Bxc4 15. Bf4 Bd5 16. Nxd5 Qxd5 17. Bh6 Rad8 18. Bxg7 Kxg7 19. a3 e5 20. b4
f6 21. bxc5 bxc5 22. Qc3 Rb8 23. h3 Rf7 24. Nh2 c4 25. Ng4 cxd3 26. Rad1
Nd4 27. Rxd3 Qa2 28. Qd2 Rb1 29. Rxb1 Qxb1+ 30. Kh2 Qb8 31. Kg1 Qb1+ 32.
Kh2 Qb8 33. Kg1 1/2-1/2

[Event "American Continental"]
[Site "Buenos Aires ARG"]
[Date "2005.08.15"]
[Round "10"]
[White "Arencibia,W"]
[Black "Bitelmajer,M"]
[Result "1-0"]
[WhiteElo "2527"]
[BlackElo "2243"]
[EventDate "2005.08.06"]

1. d4 Nf6 2. c4 e6 3. Nf3 b6 4. Bf4 Bb7 5. e3 Bb4+ 6. Nbd2 O-O 7. Bd3 d5 8.
O-O Nbd7 9. Rc1 Rc8 10. Qa4 a5 11. cxd5 Nxd5 12. Bg3 N7f6 13. Nc4 Be7 14.
a3 Nh5 15. Be5 c5 16. Rfd1 h6 17. Qb3 Ba6 18. Nxb6 Bxd3 19. Nxc8 c4 20.
Nxe7+ Qxe7 21. Rxc4 Bxc4 22. Qxc4 Qb7 23. Qe2 Rc8 24. Ne1 g6 25. Nd3 Qb5
26. g4 Ng7 27. e4 Nb6 28. Qf3 Nd7 29. d5 exd5 30. exd5 Re8 31. Bc3 a4 32.
Nb4 Qc5 33. Nc6 Qb5 34. d6 Qb3 35. Ne7+ Kh7 36. Rd5 Rf8 37. h4 Ne6 38. h5
Qc2 39. Kh2 Qb1 40. Rd3 Qc2 41. Qxf7+ 1-0

[Event "American Continental"]
[Site "Buenos Aires ARG"]
[Date "2005.08.15"]
[Round "10"]
[White "Quezada,Y"]
[Black "Hungaski,R"]
[Result "1-0"]
[WhiteElo "2522"]
[BlackElo "2308"]
[EventDate "2005.08.06"]

1. e4 e5 2. Nf3 Nc6 3. Bb5 a6 4. Ba4 Nf6 5. O-O Be7 6. Re1 b5 7. Bb3 d6 8.
c3 O-O 9. h3 Na5 10. Bc2 c5 11. d4 Nd7 12. Nbd2 exd4 13. cxd4 Nc6 14. d5
Nce5 15. Nh2 Ng6 16. Ndf1 Bg5 17. Ne3 c4 18. Nf3 Bf6 19. Ng4 Re8 20. Nxf6+
Qxf6 21. a4 Rb8 22. Be3 Nde5 23. Nxe5 Qxe5 24. axb5 axb5 25. Qd2 Qe7 26.
Ra7 Rb7 27. Rxb7 Bxb7 28. Qb4 Qd7 29. Ra1 Ra8 30. Rxa8+ Bxa8 31. b3 cxb3
32. Bd3 f5 33. Bxb5 Qc7 34. Qxb3 fxe4 35. Bc6 Qc8 36. Qa4 Bxc6 37. dxc6 Ne5
38. c7 Kf7 39. Qxe4 Qxc7 40. Qxh7 Nd7 41. Qh5+ Kf8 42. Qf5+ Kg8 43. Qe6+
Kf8 44. h4 Ne5 45. h5 Nf7 46. Kh2 Qd8 47. g3 Qa5 48. g4 Qd8 49. Kg3 Qa8 50.
Bf4 Qa3+ 51. Kh2 Qc5 52. Be3 Qa5 53. Bf4 Qc5 54. Bg3 Qd4 55. Bh4 Qf4+ 56.
Kg2 Kg8 57. Bg3 Qf6 58. Qxf6 gxf6 59. f4 d5 60. Bf2 Nd8 61. Kf3 Ne6 62. Be3
Kf7 63. f5 Nd8 64. Bd4 Nc6 65. Ke3 Nb8 66. h6 Nc6 67. g5 Ne7 68. Kf4 Kg8
69. Bxf6 1-0

[Event "American Continental"]
[Site "Buenos Aires ARG"]
[Date "2005.08.15"]
[Round "10"]
[White "Gurevich,D"]
[Black "Mayorga,N"]
[Result "1-0"]
[WhiteElo "2515"]
[BlackElo "2188"]
[EventDate "2005.08.06"]

1. d4 Nf6 2. c4 c5 3. Nf3 cxd4 4. Nxd4 b6 5. Nc3 Bb7 6. Bg5 e6 7. Ndb5 d6
8. e3 a6 9. Bxf6 gxf6 10. Nd4 Nd7 11. Qh5 Qe7 12. Rd1 Rc8 13. f4 f5 14. Qh3
Nf6 15. Bd3 Rg8 16. Rd2 Rg6 17. O-O Kd8 18. Rfd1 Kc7 19. b4 Kb8 20. Na4 Qc7
21. b5 a5 22. Rb1 Nd7 23. Rdb2 Nc5 24. Nc6+ Ka8 25. Nxc5 dxc5 26. Be2 Bg7
27. Rd2 e5 28. Qxf5 exf4 29. Rd7 1-0

[Event "American Continental"]
[Site "Buenos Aires ARG"]
[Date "2005.08.15"]
[Round "10"]
[White "De Dovitiis,A"]
[Black "Sorin,A"]
[Result "1/2-1/2"]
[WhiteElo "2345"]
[BlackElo "2496"]
[EventDate "2005.08.06"]

1. e4 e5 2. Nf3 Nc6 3. Bb5 a6 4. Bxc6 dxc6 5. Nc3 f6 6. d3 Bg4 7. Be3 c5 8.
h3 Bh5 9. g4 Bf7 10. Nd2 Bd6 11. Qf3 Qd7 12. O-O-O Ne7 13. g5 fxg5 14. Bxg5
Nc6 15. Qg3 Nd4 16. Kb1 h6 17. Be3 O-O-O 18. Nc4 Bh5 19. Rdf1 g5 20. Nd5
Qe6 21. f3 b6 22. Rh2 Rdf8 23. Rhf2 Kb7 24. h4 Rhg8 25. hxg5 hxg5 26. Bc1
Bf7 27. c3 Nf5 28. Qg4 b5 29. Na5+ Kc8 30. c4 Nh6 31. Qg1 Be8 32. Rg2 c6
33. Ne3 Be7 34. Nb3 Bh5 35. cxb5 axb5 36. Rc2 Bf7 37. Nd1 g4 38. f4 exf4
39. Bxf4 Rg6 40. Be3 c4 41. dxc4 bxc4 42. Nd2 Rd8 43. Nxc4 Qxe4 44. Nb6+
Kb7 45. Nc3 Qe6 46. Nba4 Ra8 47. b3 Nf5 48. Bf4 Ra6 49. Re1 Qc8 50. Ne4 Ra8
51. Ng3 Bd8 1/2-1/2

[Event "American Continental"]
[Site "Buenos Aires ARG"]
[Date "2005.08.15"]
[Round "10"]
[White "Tristan,L"]
[Black "Milman,L"]
[Result "1-0"]
[WhiteElo "2225"]
[BlackElo "2459"]
[EventDate "2005.08.06"]

1. e4 c5 2. Nf3 d6 3. d4 cxd4 4. Nxd4 Nf6 5. Nc3 a6 6. Bg5 e6 7. f4 Nbd7 8.
Qf3 Qc7 9. O-O-O b5 10. g4 Bb7 11. Bxf6 Nxf6 12. Bd3 b4 13. Nce2 d5 14. e5
Nd7 15. Kb1 Be7 16. h4 a5 17. g5 Ba6 18. h5 Nc5 19. g6 fxg6 20. hxg6 h6 21.
Qg4 Bxd3 22. cxd3 Ra6 23. Rc1 O-O 24. Ng3 Qb8 25. Nh5 Rc8 26. Nxg7 Kxg7 27.
Rxh6 Rg8 28. Rh7+ Kf8 29. Rxc5 Qe8 30. g7+ 1-0

[Event "American Continental"]
[Site "Buenos Aires ARG"]
[Date "2005.08.15"]
[Round "10"]
[White "Valerga,D"]
[Black "Disconzi da Silva,R"]
[Result "0-1"]
[WhiteElo "2499"]
[BlackElo "2367"]
[EventDate "2005.08.06"]

1. e4 c5 2. Nf3 e6 3. d4 cxd4 4. Nxd4 Qb6 5. Nb3 Qc7 6. Bd3 Nf6 7. Qe2 d6
8. Be3 Nbd7 9. f4 g6 10. Nc3 a6 11. O-O-O b5 12. a3 Bb7 13. Rhf1 Be7 14. g4
h6 15. Kb1 Rc8 16. f5 Ne5 17. Bd4 g5 18. fxe6 fxe6 19. Bxe5 dxe5 20. Nxb5
axb5 21. Bxb5+ Bc6 22. Bc4 Bxe4 23. Bb5+ Bc6 24. Nd4 exd4 25. Rxf6 Bxb5 26.
Qxb5+ Qc6 27. Qe5 Qxc2+ 28. Ka2 Qc4+ 29. Ka1 Bxf6 30. Qxf6 Rf8 31. Qg6+ Ke7
32. Qxh6 Rf1 33. Qxg5+ Kd6 0-1

[Event "American Continental"]
[Site "Buenos Aires ARG"]
[Date "2005.08.15"]
[Round "10"]
[White "Zugic,I"]
[Black "Bronstein,L"]
[Result "1-0"]
[WhiteElo "2474"]
[BlackElo "2342"]
[EventDate "2005.08.06"]

1. d4 Nf6 2. c4 g6 3. Nc3 d5 4. cxd5 Nxd5 5. Bd2 Nb6 6. Bg5 Bg7 7. e3 O-O
8. Rc1 Be6 9. Be2 Nc6 10. Bf3 Qd7 11. Ne4 Bd5 12. Nc5 Qf5 13. Bh4 Bxf3 14.
Nxf3 e5 15. d5 e4 16. dxc6 exf3 17. cxb7 Rab8 18. Qxf3 Qxf3 19. gxf3 Bxb2
20. Rc2 Ba3 21. Ke2 Bxc5 22. Rxc5 Rxb7 23. Rb1 Rfb8 24. Bg3 Na4 25. Rxb7
Rxb7 26. Rxc7 Rxc7 27. Bxc7 Nc3+ 28. Kd2 Nxa2 29. Ba5 Kg7 30. Kc2 Kh6 31.
Kb2 Kh5 32. Kxa2 Kh4 33. Kb3 Kh3 34. Bc7 Kg2 35. f4 f5 36. Kc4 Kxf2 37. Kd3
Kf3 38. Bd8 Kg2 39. h4 Kh3 40. Ke2 Kg2 41. h5 gxh5 42. e4 1-0

[Event "American Continental"]
[Site "Buenos Aires ARG"]
[Date "2005.08.15"]
[Round "10"]
[White "Claverie,R"]
[Black "Mosquera,M"]
[Result "0-1"]
[WhiteElo "2388"]
[BlackElo "2442"]
[EventDate "2005.08.06"]

1. e4 Nf6 2. Nc3 d5 3. e5 Nfd7 4. f4 e6 5. Nf3 c5 6. g3 Nc6 7. Bg2 Be7 8.
O-O Qa5 9. Kh1 b5 10. d3 Qb6 11. Ne2 a5 12. c3 Ba6 13. b3 f5 14. exf6 Bxf6
15. Bh3 Ne7 16. Rb1 O-O 17. Be3 b4 18. c4 Bb7 19. Bg2 a4 20. bxa4 Qa6 21.
Nd2 dxc4 22. Nxc4 Bxg2+ 23. Kxg2 Qxa4 24. Nc1 Nd5 25. Bd2 Qxd1 26. Rxd1 e5
27. f5 Nb8 28. g4 Nc6 29. Re1 Nf4+ 30. Kf3 Rfd8 31. Nxe5 Nxe5+ 32. Kxf4
Nxd3+ 33. Nxd3 Rxd3 34. Be3 Bd4 35. Bxd4 Rxd4+ 36. Kg5 Rxa2 37. Re8+ Kf7
38. Rbe1 Rd7 39. Rc8 h6+ 40. Kf4 Rc2 41. Ree8 b3 42. Rf8+ Ke7 43. Rfe8+ Kd6
44. Rb8 c4 45. Re6+ Kc5 46. f6 gxf6 47. Kf5 Rxh2 48. Kg6 b2 49. g5 hxg5 0-1

[Event "American Continental"]
[Site "Buenos Aires ARG"]
[Date "2005.08.15"]
[Round "10"]
[White "Di Benedetto,G"]
[Black "Lafuente,P"]
[Result "1-0"]
[WhiteElo "2205"]
[BlackElo "2435"]
[EventDate "2005.08.06"]

1. f4 Nf6 2. Nf3 c5 3. g3 g6 4. Bg2 Bg7 5. d3 Nc6 6. e4 d6 7. O-O O-O 8.
Nc3 Rb8 9. h3 b5 10. g4 b4 11. Ne2 c4 12. f5 cxd3 13. cxd3 Nd7 14. fxg6
fxg6 15. Nf4 Nd4 16. Be3 Nxf3+ 17. Bxf3 Ne5 18. Be2 Nc6 19. d4 Kh8 20. Rc1
Bd7 21. d5 Ne5 22. Qe1 a5 23. Qh4 Kg8 24. Ne6 Rxf1+ 25. Rxf1 Bxe6 26. dxe6
Rc8 27. Bd1 Rc4 28. Bg5 Qb6+ 29. Kh2 Qb7 30. Bxe7 Rd4 31. Bxd6 Rxd6 32. e7
Qb8 33. Bb3+ Kh8 34. Kh1 h6 35. Qg3 Rd7 36. Rf8+ Bxf8 37. Qxe5+ 1-0

[Event "American Continental"]
[Site "Buenos Aires ARG"]
[Date "2005.08.15"]
[Round "10"]
[White "Leon Hoyos,M"]
[Black "Mekhitarian,K"]
[Result "1-0"]
[WhiteElo "2431"]
[BlackElo "2218"]
[EventDate "2005.08.06"]

1. e4 c5 2. Nf3 d6 3. d4 cxd4 4. Nxd4 Nf6 5. Nc3 a6 6. Bc4 e6 7. Bb3 Nbd7
8. Bg5 Nc5 9. f4 Be7 10. Qf3 Qc7 11. O-O-O O-O 12. h4 b5 13. e5 Bb7 14. Qe3
dxe5 15. fxe5 Ng4 16. Qg3 h5 17. Bxe7 Qxe7 18. a3 Qc7 19. Rhe1 Rab8 20. Rd2
Ba8 21. Qf4 a5 22. Ba2 b4 23. Ncb5 b3 24. Bb1 Qe7 25. g3 bxc2 26. Bxc2 a4
27. Nc3 Qb7 28. Ndb5 Rfc8 29. Qg5 Nb3+ 30. Bxb3 axb3 31. Kb1 Qf3 32. Qf4
Rc5 33. Nd4 Qb7 34. Qg5 Qc7 35. Ndb5 Rcxb5 36. Nxb5 Rxb5 37. Qd8+ Qxd8 38.
Rxd8+ Kh7 39. Rxa8 Nxe5 40. Ra4 Rd5 41. Rf1 Rd3 42. Ra5 f6 43. Rc5 Rxg3 44.
Rc3 Rg4 45. Rxb3 Rxh4 46. Rb4 Rxb4 47. axb4 h4 48. b5 Nd7 49. Kc2 g5 50.
Kd3 g4 51. Ke2 Kg6 52. Rd1 Nb6 53. Rd6 h3 54. Kf2 Nc4 55. Rd4 Nb6 56. Rd6
Nc4 57. Rxe6 Kf5 58. b6 Na5 59. Re3 Kf4 60. Ra3 Nc6 61. Ra4+ Kg5 62. Rc4
Nd8 63. Rc7 Kf4 64. Rc4+ Kg5 65. Rc8 Nb7 66. Rc7 Nd6 67. b7 Ne4+ 68. Ke3 h2
69. Rh7 Ng3 70. b8=Q Nf5+ 71. Ke4 1-0

[Event "American Continental"]
[Site "Buenos Aires ARG"]
[Date "2005.08.15"]
[Round "10"]
[White "Hobaica,J"]
[Black "Bachmann,Ax"]
[Result "0-1"]
[WhiteElo "2317"]
[BlackElo "2410"]
[EventDate "2005.08.06"]

1. c4 Nc6 2. Nc3 Nf6 3. Nf3 e5 4. e3 Bb4 5. Qc2 Bxc3 6. Qxc3 d6 7. d4 Bg4
8. Be2 e4 9. Ng1 Qd7 10. f3 Bh5 11. b3 Ne7 12. d5 Nf5 13. Bb2 Qe7 14. O-O-O
O-O-O 15. Re1 Nh4 16. g4 exf3 17. Nxf3 Nxf3 18. Bxf3 Bg6 19. Qd4 Kb8 20. h4
h5 21. g5 Nd7 22. Qxg7 Ne5 23. Be2 Qd7 24. Qf6 Rhe8 25. Bd4 Re7 26. Kd2
Rde8 27. Bxe5 Rxe5 28. Bd3 Bxd3 29. Kxd3 Qg4 30. Qf2 Qe4+ 31. Kc3 Rf5 32.
Qc2 Qe5+ 33. Kb4 c6 34. e4 Rf4 35. Ka3 Qd4 36. Re2 cxd5 37. cxd5 Rfxe4 38.
Rxe4 Rxe4 39. Rc1 Qb4+ 40. Kb2 a6 41. Qc7+ Ka7 42. Rc4 Qd2+ 43. Ka3 Re2 44.
Qxd6 Qxa2+ 45. Kb4 a5+ 46. Kc5 Qxb3 47. Qd8 Qa3+ 0-1

[Event "American Continental"]
[Site "Buenos Aires ARG"]
[Date "2005.08.15"]
[Round "10"]
[White "Mareco,S"]
[Black "Dolezal,C"]
[Result "1/2-1/2"]
[WhiteElo "2187"]
[BlackElo "2402"]
[EventDate "2005.08.06"]

1. e4 Nc6 2. Nf3 f5 3. exf5 d5 4. Bb5 Bxf5 5. Ne5 Qd6 6. d4 e6 7. O-O Nge7
8. c4 dxc4 9. Nxc4 Qd7 10. Nc3 a6 11. Ne5 Qd6 12. Qa4 Rb8 13. Bxc6+ Nxc6
14. Bf4 b5 15. Qd1 Nxe5 16. Bxe5 Qd7 17. Qh5+ Bg6 18. Qf3 Bd6 19. Rfe1 Rf8
20. Qg3 Kf7 21. Rad1 Kg8 22. d5 exd5 23. Bxd6 Qxd6 24. Qxd6 cxd6 25. Nxd5
Rfe8 26. Ne3 Rbd8 27. Rd4 Re6 28. Red1 Be4 29. a3 Kf7 30. f3 Bg6 31. Nd5
Re2 32. R1d2 Rxd2 33. Rxd2 Rc8 34. Kf2 Rc4 35. Ke3 Bf5 36. g4 Be6 37. Nc3
Ke7 38. Rd4 Rc6 39. h4 h6 40. Kf4 Rc8 1/2-1/2

[Event "American Continental"]
[Site "Buenos Aires ARG"]
[Date "2005.08.15"]
[Round "10"]
[White "Needleman,A"]
[Black "Morinongeli,M"]
[Result "1/2-1/2"]
[WhiteElo "2394"]
[BlackElo "2119"]
[EventDate "2005.08.06"]

1. g3 d5 2. Bg2 Nf6 3. d3 Bf5 4. Nd2 Nbd7 5. e4 dxe4 6. dxe4 Bg6 7. f4 e6
8. Qe2 Be7 9. Ngf3 O-O 10. O-O c6 11. Kh1 b5 12. h3 Qc7 13. b3 a5 14. Bb2
a4 15. Ne5 a3 16. Bc3 Rad8 17. Rad1 Rfe8 18. Qf3 Nxe5 19. Bxe5 Qa5 20. Bc3
b4 21. Bxf6 Bxf6 22. Nc4 Qc5 23. Rxd8 Bxd8 24. f5 exf5 25. exf5 Bxf5 26.
Qxf5 Qxf5 27. Rxf5 Re1+ 28. Rf1 Re2 29. Rd1 Bf6 30. Bxc6 Rxc2 31. Rd2 Rc1+
32. Kg2 g6 33. Bd5 Kg7 34. Rf2 Ra1 35. g4 Bd4 36. Rxf7+ Kh8 37. Rf8+ Kg7
38. Rf7+ Kh8 39. Rf8+ Kg7 40. Rf7+ 1/2-1/2

[Event "American Continental"]
[Site "Buenos Aires ARG"]
[Date "2005.08.15"]
[Round "10"]
[White "Quiroga,F"]
[Black "Mieles Palau,D"]
[Result "0-1"]
[WhiteElo "2321"]
[BlackElo "2476"]
[EventDate "2005.08.06"]

1. d4 d5 2. Nf3 Nf6 3. c4 e6 4. Nc3 Be7 5. Bg5 Nbd7 6. e3 O-O 7. Rc1 a6 8.
cxd5 exd5 9. Ne5 c6 10. Nxd7 Bxd7 11. Bd3 h6 12. Bh4 Ne4 13. Bxe7 Qxe7 14.
Bxe4 dxe4 15. O-O Rad8 16. Na4 Be6 17. a3 f5 18. Qd2 g5 19. Qb4 Qxb4 20.
axb4 Rf7 21. f4 exf3 22. gxf3 f4 23. e4 Rxd4 24. Nc5 Re7 25. Rfd1 Rxb4 26.
Rd8+ Kf7 27. b3 a5 28. Rc3 b6 29. Nd3 Rxb3 30. Ne5+ Kg7 31. Rxb3 Bxb3 32.
Nxc6 Rc7 33. Nd4 Bc4 34. Nf5+ Kf7 35. Rh8 Rc6 36. Rh7+ Ke8 37. Ra7 Kd8 38.
e5 Bd5 39. Ne7 Rc1+ 40. Kf2 Rc2+ 41. Kf1 Bxf3 42. Nf5 Bd5 43. Nd4 Rc4 0-1

[Event "American Continental"]
[Site "Buenos Aires ARG"]
[Date "2005.08.15"]
[Round "10"]
[White "Ripari,M"]
[Black "Garcia,Gild"]
[Result "1/2-1/2"]
[WhiteElo "2295"]
[BlackElo "2453"]
[EventDate "2005.08.06"]

1. e4 c5 2. Nf3 Nc6 3. d4 cxd4 4. Nxd4 g6 5. c4 Bg7 6. Be3 Nf6 7. Nc3 d6 8.
Be2 O-O 9. O-O Bd7 10. Qd2 Nxd4 11. Bxd4 Bc6 12. f3 a5 13. b3 Nd7 14. Be3
Nc5 15. Rab1 Qb6 16. Rfc1 Rfc8 17. Rc2 Qd8 18. a3 Qf8 19. b4 axb4 20. axb4
Na4 21. Nd1 b6 22. Bd3 e6 23. f4 Qe7 24. Nf2 f5 25. exf5 exf5 26. Bf1 Qf6
27. Rd1 Rd8 28. Bd4 Qxd4 29. Qxd4 Bxd4 30. Rxd4 Kf8 31. Nd1 Rac8 32. Ne3
Be4 33. Bd3 Bxd3 34. Rxd3 b5 35. cxb5 Rxc2 36. Nxc2 Nb6 1/2-1/2

[Event "American Continental"]
[Site "Buenos Aires ARG"]
[Date "2005.08.15"]
[Round "10"]
[White "Tobares,L"]
[Black "Soppe,G"]
[Result "0-1"]
[WhiteElo "2260"]
[BlackElo "2432"]
[EventDate "2005.08.06"]

1. d4 d5 2. c4 Nc6 3. cxd5 Qxd5 4. e3 e5 5. Nc3 Bb4 6. Bd2 Bxc3 7. bxc3 Nf6
8. c4 Qd6 9. d5 Ne7 10. f3 O-O 11. e4 Nh5 12. Ne2 f5 13. Nc3 Qg6 14. Qb3
fxe4 15. Nxe4 Nf5 16. O-O-O Nd4 17. Qb2 Bf5 18. Bc3 Bxe4 19. fxe4 c5 20.
Bxd4 cxd4 21. Qc2 b6 22. Bd3 Nf4 23. Bf1 Nh5 24. Bd3 Nf6 25. h3 Nd7 26.
Rhf1 Nc5 27. Rf5 Qg3 28. Kb1 g6 0-1

[Event "American Continental"]
[Site "Buenos Aires ARG"]
[Date "2005.08.15"]
[Round "10"]
[White "Monier,R"]
[Black "Luconi,C"]
[Result "1-0"]
[WhiteElo "2412"]
[BlackElo "2258"]
[EventDate "2005.08.06"]

1. d4 d5 2. c4 e6 3. Nf3 Nf6 4. Bg5 c6 5. e3 Nbd7 6. Nc3 Be7 7. Bd3 h6 8.
Bh4 dxc4 9. Bxc4 b5 10. Bd3 Bb7 11. O-O a6 12. a4 b4 13. Bxf6 Nxf6 14. Ne4
O-O 15. Qe2 Nxe4 16. Bxe4 a5 17. Rfd1 Bd6 18. Rac1 Qc7 19. h3 Rac8 20. Nd2
Rfd8 21. Nb3 Qb6 22. f4 Be7 23. Nc5 Bxc5 24. Rxc5 g6 25. Rdc1 Rd6 26. b3
Qd8 27. Kh2 Kg7 28. g4 Qc7 29. Kh1 Qd8 30. Qf2 Rc7 31. Kh2 Rc8 32. Qg3 Rc7
33. h4 f6 34. g5 f5 35. gxh6+ Kxh6 36. Qg5+ Kg7 37. Bf3 Qxg5 38. hxg5 Rcd7
39. Kg3 1-0

[Event "American Continental"]
[Site "Buenos Aires ARG"]
[Date "2005.08.15"]
[Round "10"]
[White "Demaria,J"]
[Black "Real de Azua,E"]
[Result "0-1"]
[WhiteElo "2272"]
[BlackElo "2386"]
[EventDate "2005.08.06"]

1. e4 c6 2. d4 d5 3. e5 c5 4. Nf3 Nc6 5. dxc5 Bg4 6. c3 e6 7. Be3 Bxf3 8.
Qxf3 Nxe5 9. Bb5+ Nc6 10. O-O Nf6 11. Rd1 Qa5 12. a4 Be7 13. b4 Qd8 14. Nd2
O-O 15. Bf1 Nd7 16. Nb3 a5 17. b5 Nce5 18. Qg3 Rc8 19. Bd4 Ng6 20. c6 bxc6
21. bxc6 Rxc6 22. Bb5 Rc8 23. Nxa5 Qxa5 24. Bxd7 Rc7 25. Bb5 Bc5 26. h4
Bxd4 27. cxd4 Ne7 28. Rac1 Rxc1 29. Rxc1 Nf5 30. Qf4 Qb4 31. Rd1 Rc8 32. g3
h5 33. Kg2 Nd6 34. Qd2 Qb3 35. Qe2 Rc2 36. Rd2 Rxd2 37. Qxd2 Nxb5 38. axb5
Qxb5 39. Qg5 Qe2 40. Qd8+ Kh7 41. Qb6 Kg6 42. Qa7 Qd3 43. Qb6 Qe4+ 44. Kg1
Qe1+ 45. Kg2 Qd1 46. Qa7 Qb1 47. Kh2 Qf1 48. Qa2 Qd3 49. Qa7 Qf3 50. Kg1 f6
51. Qd7 Qd1+ 52. Kg2 Qe2 53. Qe8+ Kf5 54. Qf7 g6 55. Qa7 Qe4+ 56. Kg1 Kg4
57. Qa4 e5 58. dxe5 fxe5 59. Qd1+ Qf3 60. Qa4+ e4 61. Qd7+ Qf5 62. Qa4 Kh3
63. Qd1 e3 64. fxe3 Kxg3 65. Qe1+ Kg4 66. Kh2 Qe5+ 67. Kg2 Qe4+ 68. Kh2 Kf3
69. Kh1 d4 70. Kh2 dxe3 71. Qf1+ Kg4 72. Qh3+ Kf4 73. Qf1+ Ke5 74. Qb5+ Qd5
75. Qe8+ Qe6 76. Qb5+ Kf6 77. Qg5+ Kg7 78. Qd8 Qe5+ 79. Kh3 e2 80. Qd7+ Kf6
81. Qd8+ Kf5 82. Qf8+ Ke4 83. Qb4+ Kf3 84. Qb7+ Qe4 85. Qb3+ Qe3 86. Qf7+
Ke4+ 87. Kg2 e1=Q 88. Kh2 Qf4+ 0-1

[Event "American Continental"]
[Site "Buenos Aires ARG"]
[Date "2005.08.15"]
[Round "10"]
[White "Parrilli,F"]
[Black "Scarella,E"]
[Result "0-1"]
[WhiteElo "2140"]
[BlackElo "2367"]
[EventDate "2005.08.06"]

1. e4 e5 2. Nf3 d6 3. d4 Nd7 4. Nc3 Ngf6 5. Bc4 Be7 6. O-O O-O 7. Re1 c6 8.
a4 b6 9. b3 a6 10. Bb2 Bb7 11. Bd3 Re8 12. Ne2 Bf8 13. Ng3 Qc7 14. c4 c5
15. d5 g6 16. h4 Bg7 17. Bc3 Rab8 18. h5 Bc8 19. hxg6 hxg6 20. Nh2 Nf8 21.
f3 Bd7 22. Nhf1 b5 23. Ne3 Bh6 24. Kf2 Bf4 25. Ne2 Nh5 26. g4 Qd8 27. Ng2
bxc4 28. bxc4 Ng7 29. Nexf4 exf4 30. Rh1 g5 31. Rh8+ Kxh8 32. Qh1+ Kg8 33.
Qh6 Re5 34. Rh1 f6 35. Bc2 Kf7 36. Ne1 Ng6 37. Qh2 Re8 0-1